Der Venuswagen (Record no. 6917)

MARC details
000 -CABECERA
campo de control de longitud fija 00906nam a2200265 a 4500
001 - NÚMERO DE CONTROL
campo de control BRCA_7236
005 - FECHA Y HORA DE LA ÚLTIMA TRANSACCIÓN
campo de control 20190320205748.0
008 - DATOS DE LONGITUD FIJA--INFORMACIÓN GENERAL
campo de control de longitud fija 240112s1919----gw-a######---#000-0#ger-#
041 ## - CÓDIGO DE LENGUA
Código de lengua del texto/banda sonora o título independiente ger
044 ## - CÓDIGO DEL PAÍS DE LA ENTIDAD EDITORA/PRODUCTORA
Código MARC del país gw
050 #4 - SIGNATURA TOPOGRÁFICA DE LA BIBLIOTECA DEL CONGRESO
Número de clasificación N8217 .E6
Número de documento/Ítem .S34 1919
100 1# - ENTRADA PRINCIPAL--NOMBRE DE PERSONA
Nombre de persona Schiller, Friedrich
Fechas asociadas al nombre 1759-1805
9 (RLIN) 17927
245 10 - MENCIÓN DE TÍTULO
Título Der Venuswagen
Mención de responsabilidad, etc. von Friedrich Schiller; Lithographie von Louis Corinth; eine Sammlung erotischer Privatdrucker mit Original Graphik; herausgeber Alfred Richard Meyer.
260 ## - PUBLICACIÓN, DISTRIBUCIÓN, ETC.
Lugar de publicación, distribución, etc. Berlín
Nombre del editor, distribuidor, etc. F. Gurlitt
Fecha de publicación, distribución, etc. 1919
300 ## - DESCRIPCIÓN FÍSICA
Extensión 1 v.
Otras características físicas il., 7 láminas
Dimensiones 30 cm.
500 ## - NOTA GENERAL
Nota general La biblioteca tiene: v. 1.- Ejemplar numerado 306 de 700
500 ## - NOTA GENERAL
Nota general P142
650 14 - PUNTO DE ACCESO ADICIONAL DE MATERIA--TÉRMINO DE MATERIA
Término de materia o nombre geográfico como elemento de entrada Arte erotico
9 (RLIN) 17928
650 14 - PUNTO DE ACCESO ADICIONAL DE MATERIA--TÉRMINO DE MATERIA
Término de materia o nombre geográfico como elemento de entrada Litografías alemanas
9 (RLIN) 17929
650 14 - PUNTO DE ACCESO ADICIONAL DE MATERIA--TÉRMINO DE MATERIA
Término de materia o nombre geográfico como elemento de entrada Literatura erotica
9 (RLIN) 17930
700 1# - PUNTO DE ACCESO ADICIONAL--NOMBRE DE PERSONA
Nombre de persona Corinth, Louis
9 (RLIN) 17931
700 1# - PUNTO DE ACCESO ADICIONAL--NOMBRE DE PERSONA
Nombre de persona Mayer, Alfred Richard
Término indicativo de función/relación ed.
9 (RLIN) 17932
902 ## - CATALOGADOR
Iniciales GFM
942 ## - ELEMENTOS DE PUNTO DE ACCESO ADICIONAL (KOHA)
Fuente del sistema de clasificación o colocación Library of Congress Classification
Tipo de ítem Koha Libros
Holdings
Estado de retiro Estado de pérdida Estado dañado No para préstamo Localización permanente Ubicación/localización actual Fecha de adquisición Número de inventario Total de préstamos Signatura topográfica completa Código de barras Fecha visto por última vez Precio válido a partir de Tipo de ítem Koha
El ejemplar forma parte de la colección y puede ser consultado según las políticas vigentes.       Biblioteca del Museo Franz Mayer (Rogerio Casas-Alatriste) Biblioteca del Museo Franz Mayer (Rogerio Casas-Alatriste) 24/01/2012 P142   N8217 .E6 .S34 1919 (P142) 7694 22/03/2019 22/03/2019 Libros